00379nam a22001457a 4500003000400000005001700004008004100021040000800062050001100070082001100081100001800092245006100110260005300171300000900224OSt20230222162227.0230222b |||||||| |||| 00| 0 eng d cDDC bAD211C bAD211C aAdams, Jay E. aCounseling And The Sovereignty Of God/cby Jay E. Adams. aPhiladelphia:bWestminster Theological seminary, a14p.